Francais : repetytorium tematyczno-leksykalne : dla młodzieży szkolnej, studentów i nie tylko... /
Saved in:
| 主要作者: | |
|---|---|
| 格式: | 圖書 |
| 語言: | 波兰语 法语 |
| 出版: |
Poznań :
Wagros,
2001.
|
| 標簽: |
沒有標簽, 成為第一個標記此記錄!
|
MARC
| LEADER | 00000nam a2200000 i 4500 | ||
|---|---|---|---|
| 001 | 9912909259305606 | ||
| 005 | 20260515140228.0 | ||
| 008 | 020903s2001 pl f 000 0 pol | ||
| 020 | |a 8387388009 | ||
| 035 | |a 990001056250107668-48omnis_network | ||
| 035 | |a (Aleph)000105625TUR01 | ||
| 035 | |a (PL)b0000100128988 | ||
| 040 | |a WR 16 |c WR 16 | ||
| 041 | 0 | |a pol |a fre | |
| 090 | |c 130 |d 129 | ||
| 100 | 1 | |a Skoraszewski, Mariusz | |
| 245 | 1 | 0 | |a Francais : |b repetytorium tematyczno-leksykalne : dla młodzieży szkolnej, studentów i nie tylko... / |c Mariusz Skoraszewski. |
| 260 | |a Poznań : |b Wagros, |c 2001. | ||
| 300 | |a 132 s. : |b il. ; |c 24 cm. | ||
| 546 | |a Tekst w jęz. pol. i fr. | ||
| 920 | |a 83-87388-00-9 | ||
| 942 | |c K | ||
| 952 | |0 0 |1 0 |4 0 |6 R__74_000000000000000 |7 0 |9 122 |a RYT |b RYT |d 2026-05-12 |e 1/2014 |g 10.00 |l 0 |o R.74 |p 2000000000749 |r 2026-05-15 14:02:28 |w 2026-05-15 |y BK |z da | ||
| 999 | |c 122 |d 122 | ||